[Event "Otocec Krka Terme op"]
[Site "Otocec"]
[Date "2017.11.10"]
[Round "5"]
[White "Ruzic, Borut Jan"]
[Black "Fink, Maj"]
[Result "0-1"]
[WhiteElo "1646"]
[BlackElo "1152"]
[PlyCount "106"]
[EventDate "2017.11.02"]
[EventType "swiss"]
[EventRounds "9"]
[EventCountry "SLO"]
[SourceTitle "EXT 2019"]
[Source "ChessBase"]
[SourceDate "2018.10.10"]
[SourceVersion "1"]
[SourceVersionDate "2018.10.10"]
[SourceQuality "1"]

1. e4 e5 2. Nf3 Nc6 3. Bb5 d6 4. 0-0 Nf6 5. Nc3 a6 6. Ba4 b5 7. Bb3 Bg4 8. h3 Bh5 9. Qe2 Nd4 10. Qe3 Nxf3+ 11. Kh1 Nd4 12. Nd5 Bg6 13. Nxf6+ Qxf6 14. f4 exf4 15. Rxf4 Qe5 16. Qf2 Nxb3 17. axb3 Be7 18. d3 Qe6 19. b4 0-0 20. d4 Qc4 21. e5 Qd5 22. exd6 Bxd6 23. Rg4 Rfe8 24. Rg5 Qe4 25. Be3 Qxe3 26. Qxe3 Rxe3 27. Kg1 Ree8 28. Rg4 h5 29. Rg5 Kh7 30. g4 Kh6 31. Rd5 Red8 32. gxh5 Bh2+ 33. Kxh2 Rxd5 34. Re1 Rxh5 35. Re7 Rc8 36. Re1 Bf5 37. Re3 g6 38. b3 Kg7 39. c4 c6 40. cxb5 axb5 41. Kg2 Rd8 42. Kh2 Rxd4 43. Kg2 Rxb4 44. Kh2 Rbh4 45. Kg2 Rxh3 46. Rxh3 Rxh3 47. Kg1 c5 48. Kf1 Rh2 49. Ke1 b4 50. Kd1 c4 51. Kc1 cxb3 52. Kd1 b2 53. Ke1 b1Q# 0-1